| 000 | 00755nam a2200145Ia 4500 | ||
|---|---|---|---|
| 008 | 171212s9999 xx 000 0 und d | ||
| 020 | _a9781925021493 | ||
| 100 | _aNelson, George;Nelson, Robynne | ||
| 245 |
_cNelson, George;Nelson, Robynne _aDharmalan Dana _bAn Australian Aboriginal man’s 73-year search for the story of his Aboriginal and Indian ancestors |
||
| 260 |
_bANU E Press _c2014 |
||
| 440 | _aAboriginal History Monographs | ||
| 650 | _aHistory | ||
| 650 | _aNelson, George Edward -- Family; Aboriginal Australians -- Genealogy; East Indians -- Mauritius -- Genealogy; Yorta Yorta (Australian people) -- History; Racially mixed families -- Australia -- Genealogy; Victoria -- Genealogy | ||
| 856 | _uhttp://www.jstor.org/stable/j.ctt6wp7zs | ||
| 999 |
_c351071 _d351071 |
||